000 00625nam a2200181Ia 4500
005 20250508152351.0
008 008 250505s9999 xx 000 0 eng d
037 _aBooks to be hide in OPAC
040 _aFEDL
_beng
_cFEDL
041 _aeng
_2eng
084 _a901.9, MOO
_qFEDL
100 _aMoore Charles M
_9761305
245 0 _aTwo centuries: An account of the development of Western civilization in the last two hundred years: Book 1 Storms and tempests
260 _aLondon, UK
_bThe Grant Educational Company Ltd.
_c1949
300 _axiv,210p
942 _cHB
_h901.9, MOO
999 _c1335950
_d1335950